000 00297nam a22001337a 4500
041 _aENG
100 _aCox .D.R
245 _aThe Theory Of Stochastic Processes
260 _aDelhi
_bChapman & Hall/Crc
_c1998
300 _a398
650 _aMathes
700 _aH.D Miller
856 _uM.Tech
999 _c1087
_d1087